Ročenka dopravy, pôšt a telekomunikácií 2017

Salvato in:
Dettagli Bibliografici
Natura: Libro
Lingua:slovacco
inglese
Pubblicazione: Bratislava Štatistický úrad Slovenskej republiky 2017
Serie:Odvetvové štatistiky
Soggetti:
Tags: Aggiungi Tag
Nessun Tag, puoi essere il primo ad aggiungerne!!

MARC

LEADER 00000nlm$a2200000$$$4500
001 0242702
005 20251209133128.1
020 |a 978-80-8121-568-1 
041 0 |a slo 
041 0 |a eng 
044 |a SK 
245 1 0 |a Ročenka dopravy, pôšt a telekomunikácií 2017 
264 1 |a Bratislava  |b Štatistický úrad Slovenskej republiky  |c 2017 
300 |a online [117 s.] 
490 1 |a Odvetvové štatistiky 
830 0 |a Odvetvové štatistiky 
500 |a Zdroj dokumentu: Štatistický úrad SR 
610 2 0 |a Slovensko 
610 2 0 |a doprava 
610 2 0 |a pošty 
610 2 0 |a telekomunikácie 
610 2 0 |a zamestnanosť 
610 2 0 |a mzdy